| 000 | 00653nam a2200193Ia 4500 | ||
|---|---|---|---|
| 003 | LDD | ||
| 008 | 190117s9999 xx 000 0 und d | ||
| 020 |
_a9788180317491 _c₹250 |
||
| 040 | _cLDD | ||
| 041 | _ahi | ||
| 082 | _a8H1.71 मा6312य | ||
| 100 | _aमार्कंडेय | ||
| 245 | 0 |
_aयह पृथवी तुम्हे देता हूँ _cमार्कंडेय |
|
| 260 |
_aइलाहाबाद _bलोकभारती प्रकाशन _c2013 |
||
| 300 | _axvi,163 | ||
| 901 | _aRAJ | ||
| 904 | _aReqst by : J. M. Parakh | ||
| 942 |
_2ddc _cH |
||
| 999 |
_c166176 _d166176 |
||